Fabulous provinces : a memoir /

Bibliographic Details
Main Author: Young, Thomas Daniel, 1919-1997
Format: Book
Language:English
Published: Jackson : University Press of Mississippi, [1988]

MARC

Tag First Indicator Second Indicator Subfields
LEADER 00000cam a22000008a 4500
001 in00000033247
005 20151007060537.0
008 871209s1988 msuaf s00011 eng
010 |a  87035340  
020 |a 0878053506 
035 |a (OCoLC)17298550 
035 |9 AAC1101AM 
040 |a DLC  |c DLC  |d TXA  |d UtOrBLW 
049 |a TXAM  |c [A11693790] 
050 0 0 |a PS3575.O854  |b F3 1988 
082 0 |a 813/.54  |2 19 
100 1 |a Young, Thomas Daniel,  |d 1919-1997. 
245 1 0 |a Fabulous provinces :  |b a memoir /  |c Thomas Daniel Young. 
264 1 |a Jackson :  |b University Press of Mississippi,  |c [1988] 
264 4 |c ©1988 
300 |a 141 pages, 5 unnumbered pages of plates :  |b illustrations 
336 |a text  |b txt  |2 rdacontent 
337 |a unmediated  |b n  |2 rdamedia 
338 |a volume  |b nc  |2 rdacarrier 
999 |a MARS 
999 f f |s b60a03e9-0716-3257-8c62-7fadc69400ea  |i 12b9a560-c302-3d3e-8577-b77cb0ddd183  |t 0 
952 f f |p ric  |a Texas A&M University  |b Rellis Campus  |c Joint Library Facility  |d Remote Storage  |t 0  |e PS3575.O854 F3 1988  |h Library of Congress classification  |i unmediated -- volume  |m A14811693790 
998 f f |a PS3575.O854 F3 1988  |t 0  |l Remote Storage